000 01167nam a2200301 i 4500
003 EG-GICUC
005 20260121101156.0
008 251108s2006 ua ||||fr|||| 00| 0 ara d
040 _a EG-GICUC
_bara
_c EG-GICUC
_d EG-GICUC
_erda
041 0 _aara
082 0 4 _221
_a345.22
_bم ح . ت
092 0 4 _221
099 _aLaw1 07 345.22 م ح . ت 2006
100 0 _aمحمد عبد الحميد أبو زيد
_eمؤلف.
245 1 0 _aتفعيل أداء المحليات في العد الديمقراطى /
_cدكتور محمد عبد الحميد أبو زيد.
264 1 _aالقاهرة :
_bدار النهضة العربية,
_c2006.
300 _a435 صفحة ؛
_c24 سم
336 _2rda content
_atext
337 _2rda media
_aComputer
338 _2rda carrier
_aOnline Resource
504 _aيشتمل على إرجاعات ببليوجرافية.
504 _aيشتمل علي ببليوجرافيه بعد كل باب
546 _aالنص باللغة العربية
650 1 4 _aالقانون الادارى
856 4 0 _uhttps://fll.law.cu.edu.eg/fulltext/bks/B07-00819.pdf
905 _a47
_eHassnaa
942 _2ddc
_cBK
_e21
_n0
999 _c41712
_d41712